| 000 | 01084nam a2200325 a 4500 | ||
|---|---|---|---|
| 999 |
_c223 _d223 |
||
| 001 | 013481887 | ||
| 003 | UkOxU | ||
| 005 | 20190801145755.0 | ||
| 008 | 990506r19981987enka b 001 0 eng d | ||
| 020 | _a9780749386061 (pbk.) | ||
| 020 | _a0749386061 | ||
| 040 |
_aUkOxU _beng _cUkOxU |
||
| 082 | _a003.857 GLE | ||
| 100 | 1 |
_aGleick, James. _eauthor |
|
| 245 | 1 | 0 |
_aChaos : _bmaking a new science / _cJames Gleick. |
| 246 | 3 | 4 |
_aChaos : _bthe amazing science of the unpredictable |
| 260 |
_aLondon : _bVintage, _c1998. |
||
| 300 |
_axi, 352 p. : _bill. ; _c20 cm. |
||
| 500 | _aOriginally published: London: Heinemann, 1988. | ||
| 504 | _aIncludes bibliographic references (p. 318-340) and index. | ||
| 650 | 0 | _aChaotic behavior in systems. | |
| 942 |
_2ddc _cNFIC |
||